00805nam a2200229Ia 4500003000900000008004100009020001800050040001600068080002700084100002700111245015400138260003300292300002300325650001000348650002600358650001000384650002900394700002700423942000700450999001500457952010300472IN-BaIIA211028s9999 xx 000 0 eng d a0-08-021626-9 cIIA Library a084.4:524.318.7bPAP-3 aPapadopoulos, Christos 0aTrue visual magnitude photographic star atlasbvol. 3, northern starscChristos Papadopoulos and Charles Scovil  aOxfordbPergamon Pressc1980 a[various pagings.] aAtlas aNorthern stars912062 aStars aVisual magnitudes912063 aScovil, Charles912064 cBK c7052d7052 00104070aBANbBANcGENd1982-04-27l0o084.4:524.318.7/ PAP-3p7832r2021-11-05w1982-04-27yBK